[Event "PHI-ch (Women)"]
[Site "Manila"]
[Date "2014.06.25"]
[Round "7"]
[White "Lozano, Arvie"]
[Black "Dantes, Aurora Kim"]
[Result "1-0"]
[WhiteElo "2037"]
[BlackElo "1875"]
[PlyCount "73"]
[EventDate "2014.06.21"]
[EventType "tourn"]
[EventRounds "11"]
[EventCountry "PHI"]
[SourceTitle "CBM 161 Extra"]
[Source "ChessBase"]
[SourceDate "2014.08.29"]
[SourceVersion "1"]
[SourceVersionDate "2014.08.29"]
[SourceQuality "1"]

1. Nf3 d5 2. g3 g6 3. Bg2 Bg7 4. 0-0 e5 5. d3 Ne7 6. Nc3 0-0 7. Bg5 f6 8. Bd2 Nbc6 9. e4 Be6 10. Qc1 d4 11. Ne2 Qd7 12. Ne1 Bh3 13. f4 Bxg2 14. Nxg2 Qg4 15. Rf2 Rad8 16. b4 f5 17. b5 fxe4 18. bxc6 e3 19. Bxe3 dxe3 20. Nxe3 Qe6 21. cxb7 exf4 22. Rb1 Nc6 23. Nxf4 Qd7 24. c3 g5 25. Nfd5 Rxf2 26. Kxf2 Ne5 27. Ke2 Qe8 28. h3 c6 29. Nc7 Qh5+ 30. g4 Qxh3 31. Qh1 Qxh1 32. Rxh1 Rb8 33. Rb1 Nd7 34. Na6 Bxc3 35. Nxb8 Nxb8 36. Rf1 Kg7 37. Nf5+ 1-0

[Event "PHI-ch (Women)"]
[Site "Manila"]
[Date "2014.06.25"]
[Round "8"]
[White "Mejia, Cherry Ann"]
[Black "Lozano, Arvie"]
[Result "1/2-1/2"]
[WhiteElo "1972"]
[BlackElo "2037"]
[PlyCount "124"]
[EventDate "2014.06.21"]
[EventType "tourn"]
[EventRounds "11"]
[EventCountry "PHI"]
[SourceTitle "CBM 161 Extra"]
[Source "ChessBase"]
[SourceDate "2014.08.29"]
[SourceVersion "1"]
[SourceVersionDate "2014.08.29"]
[SourceQuality "1"]

1. b3 d6 2. Bb2 Nd7 3. e3 e5 4. c4 g6 5. f4 Bg7 6. Nf3 Nh6 7. Be2 0-0 8. 0-0 Nf5 9. e4 Nd4 10. Nxd4 exd4 11. d3 Qe7 12. Nd2 f5 13. Bf3 Nc5 14. Qc2 fxe4 15. Bxe4 Bf5 16. Rae1 Nxe4 17. dxe4 Bg4 18. Qd3 c5 19. Bc1 Rae8 20. b4 b6 21. a4 Kh8 22. Nb3 Qb7 23. Bd2 Re7 24. f5 gxf5 25. Qg3 Rxe4 26. Qxd6 Rg8 27. Bf4 cxb4 28. Nd2 Rxe1 29. Rxe1 Bh3 30. Re2 h6 31. Bg3 d3 32. Qxd3 Bg4 33. Re1 Qc6 34. Qe3 Kh7 35. a5 Rd8 36. Bf2 bxa5 37. h3 Bh5 38. Qf4 Rd7 39. Nb3 Rd1 40. Qxf5+ Bg6 41. Qxa5 Rxe1+ 42. Bxe1 Qxc4 43. Qxb4 Qxb4 44. Bxb4 Bc2 45. Na5 Bd4+ 46. Kf1 Kg6 47. Ke2 Be4 48. g3 Be5 49. Kf2 Bd5 50. g4 Kg5 51. Be7+ Kf4 52. Bc5 Kg5 53. Be7+ Kg6 54. h4 h5 55. gxh5+ Kxh5 56. Ke3 Kg4 57. Kd3 a6 58. Nc4 Bxc4+ 59. Kxc4 Bg3 60. Kc5 Bxh4 61. Bxh4 Kxh4 62. Kb6 Kg4 1/2-1/2

[Event "PHI-ch (Women)"]
[Site "Manila"]
[Date "2014.06.23"]
[Round "5"]
[White "De Guzman, Ruth Aubrey"]
[Black "Lozano, Arvie"]
[Result "1-0"]
[WhiteElo "1948"]
[BlackElo "2037"]
[PlyCount "21"]
[EventDate "2014.06.21"]
[EventType "tourn"]
[EventRounds "11"]
[EventCountry "PHI"]
[SourceTitle "CBM 161 Extra"]
[Source "ChessBase"]
[SourceDate "2014.08.29"]
[SourceVersion "1"]
[SourceVersionDate "2014.08.29"]
[SourceQuality "1"]

1. d4 g6 2. Nf3 Bg7 3. Bg5 d6 4. e3 Nh6 5. Bc4 0-0 6. 0-0 Nd7 7. h3 Kh8 8. c3 b6 9. Bd5 Rb8 10. e4 f5 11. e5 1-0

[Event "PHI-ch sf (Women)"]
[Site "Manila"]
[Date "2014.??.??"]
[Round "5"]
[White "Docena, Jesca"]
[Black "Lozano, Arvie"]
[Result "1/2-1/2"]
[WhiteElo "1915"]
[BlackElo "1980"]
[PlyCount "78"]
[EventDate "2014.03.??"]
[EventType "swiss"]
[EventRounds "9"]
[EventCountry "PHI"]
[SourceTitle "EXT 2016"]
[Source "ChessBase"]
[SourceDate "2015.10.08"]
[SourceVersion "1"]
[SourceVersionDate "2015.10.08"]
[SourceQuality "1"]

1. e4 c6 2. d4 d5 3. exd5 cxd5 4. c4 e6 5. Nc3 Nf6 6. Nf3 Be7 7. Bd3 Nc6 8. 0-0 0-0 9. Re1 a6 10. c5 b6 11. cxb6 Qxb6 12. a3 Bd7 13. b4 Rac8 14. Na4 Qa7 15. Nc5 a5 16. Nxd7 Nxd7 17. b5 Ncb8 18. a4 Nb6 19. Ba3 Nc4 20. Bxe7 Qxe7 21. Ne5 Nxe5 22. Rxe5 Nd7 23. Re2 Rc3 24. Rc1 Rfc8 25. Rec2 Qb4 26. Rxc3 Rxc3 27. Rxc3 Qxc3 28. Qc2 Qxc2 29. Bxc2 g6 30. f4 h5 31. Kf2 f5 32. Kf3 Kf7 33. h3 Kf6 34. g4 hxg4+ 35. hxg4 fxg4+ 36. Kxg4 Nb6 37. Bb3 Nd7 38. Bc2 Nb6 39. Bb3 Nd7 1/2-1/2

[Event "PHI-ch sf (Women)"]
[Site "Manila"]
[Date "2014.??.??"]
[Round "7"]
[White "Lozano, Arvie"]
[Black "Fuerte, Mary Joyce"]
[Result "1-0"]
[WhiteElo "1980"]
[BlackElo "1795"]
[PlyCount "79"]
[EventDate "2014.03.??"]
[EventType "swiss"]
[EventRounds "9"]
[EventCountry "PHI"]
[SourceTitle "EXT 2016"]
[Source "ChessBase"]
[SourceDate "2015.10.08"]
[SourceVersion "1"]
[SourceVersionDate "2015.10.08"]
[SourceQuality "1"]

1. e4 e5 2. Nf3 Nc6 3. Bc4 Be7 4. 0-0 Nf6 5. Nc3 0-0 6. d4 exd4 7. Nxd4 Ne5 8. Be2 d6 9. f4 Ng6 10. g4 d5 11. e5 Ne4 12. Nxe4 dxe4 13. Be3 Bc5 14. c3 b6 15. b4 Bxd4 16. Bxd4 Qe7 17. Qc2 Bb7 18. g5 Nh4 19. Bg4 Nf3+ 20. Bxf3 exf3 21. h4 Rad8 22. Kh2 Rfe8 23. Rae1 Qd7 24. f5 Qd5 25. Qf2 Rc8 26. e6 fxe6 27. Re5 Qd6 28. Rfe1 exf5 29. Qg3 Rxe5 30. Rxe5 Rf8 31. h5 Qc6 32. Re7 Rf7 33. Re1 Qd6 34. Re5 f4 35. Qe1 Qc6 36. Re8+ Rf8 37. Qe5 Qd7 38. Re7 Rf7 39. Rxd7 Rxd7 40. Qe8# 1-0

[Event "PHI-ch sf (Women)"]
[Site "Manila"]
[Date "2014.??.??"]
[Round "9"]
[White "Regencia, Janena Marie"]
[Black "Lozano, Arvie"]
[Result "0-1"]
[WhiteElo "1885"]
[BlackElo "1980"]
[PlyCount "72"]
[EventDate "2014.03.??"]
[EventType "swiss"]
[EventRounds "9"]
[EventCountry "PHI"]
[SourceTitle "EXT 2016"]
[Source "ChessBase"]
[SourceDate "2015.10.08"]
[SourceVersion "1"]
[SourceVersionDate "2015.10.08"]
[SourceQuality "1"]

1. d4 d5 2. Nf3 e6 3. g3 c5 4. Bg2 Nc6 5. 0-0 Nf6 6. a3 c4 7. Bg5 Be7 8. c3 Bd7 9. Qc2 b5 10. Bxf6 gxf6 11. e4 Na5 12. exd5 exd5 13. Nbd2 Be6 14. Rfe1 Qd7 15. Nh4 Nb7 16. Nf1 f5 17. Nf3 f6 18. Bh3 Nd6 19. Nh4 0-0-0 20. a4 b4 21. cxb4 Ne4 22. b5 Ng5 23. Bg2 f4 24. Qd2 Bh3 25. Rxe7 Qxe7 26. Re1 Qd7 27. Qb4 Bxg2 28. Kxg2 Rhe8 29. Rc1 f3+ 30. Kh1 Nh3 31. Qc3 Nxf2+ 32. Kg1 Nh3+ 33. Kh1 Ng5 34. b3 Kb7 35. Nxf3 Qf5 36. Nh4 Qe4+ 0-1